What the Bleep do we know!? / : (Record no. 109362)
[ view plain ]
| 000 -LEADER | |
|---|---|
| fixed length control field | 00433nam a2200157 a 4500 |
| 005 - DATE AND TIME OF LATEST TRANSACTION | |
| control field | 20140414093842.0 |
| 008 - FIXED-LENGTH DATA ELEMENTS--GENERAL INFORMATION | |
| fixed length control field | 081126s19uu xx 00 eng d |
| 050 ## - LIBRARY OF CONGRESS CALL NUMBER | |
| Classification number | DVD 530.1 |
| Item number | WHA 2004 |
| 100 ## - MAIN ENTRY--PERSONAL NAME | |
| Personal name | Vicente, Mark |
| 245 ## - TITLE STATEMENT | |
| Title | What the Bleep do we know!? / : |
| Statement of responsibility, etc | Mark Vicente. |
| Remainder of title | down the Rabbit hole / |
| 250 ## - EDITION STATEMENT | |
| Edition statement | Quantum Edition |
| 650 ## - SUBJECT ADDED ENTRY--TOPICAL TERM | |
| Topical term or geographic name as entry element | Quantum Theory. |
| 650 ## - SUBJECT ADDED ENTRY--TOPICAL TERM | |
| Topical term or geographic name as entry element | Documentary film. |
| 942 ## - ADDED ENTRY ELEMENTS (KOHA) | |
| Koha item type | Audio Visual Materials |
| Withdrawn status | Lost status | Damaged status | Home library | Current library | Shelving location | Date acquired | Source of acquisition | Total Checkouts | Full call number | Barcode | Date last seen | Date checked out | Price effective from | Koha item type |
|---|---|---|---|---|---|---|---|---|---|---|---|---|---|---|
| Luxembourg Library | Luxembourg Library | Audio Visual Material Section | 11/26/2008 | 1 | DVD 530.1 WHA 2004 | AV1002 | 04/03/2018 | 03/24/2018 | 04/14/2014 | Audio Visual Materials |